00809nam a22002417a 450000500170000001000150001702000260003202000230005803500130008103700130009408200100010710000240011724501020014125000110024326000440025427000490029830000350034749000670038250000520044965000240050170000210052570000210054620160613113933.0 aENG-115271 a9789352602001c715.00 a9352602005c715.00 aEN-98803 bDBAD/PUB a658.7 aBowersox, Donald J. aSupply chain logistics management / cby Donald J. Bowersox, David J. Closs [and] M. Bixby Cooper a3rd ed aNew DellhibMcGraw Hill Educationc2016 aP-25,Green Park ExtensionbNew Delhie110016 a xiv, 498p :bill .c27cm(pbk) a The McGraw-Hill/Irwin series operations and decision sciences a Includes bibliographical references and index. aBusiness logistics. a Closs, David J. aCooper, M. Bixby